MARC details
| 000 -CABECERA |
| campo de control de longitud fija |
01886nab a2200289 a 4500 |
| 005 - FECHA Y HORA DE LA ÚLTIMA TRANSACCIÓN |
| campo de control |
20260225064012.0 |
| 008 - ELEMENTOS DE LONGITUD FIJA--INFORMACIÓN GENERAL |
| campo de control de longitud fija |
991125s2016 mx tr p o 000 0 spa d |
| 035 ## - NÚMERO DE CONTROL DEL SISTEMA |
| Número de control de sistema |
UPN01000215578 |
| 040 ## - FUENTE DE LA CATALOGACIÓN |
| Centro catalogador/agencia de origen |
UPN |
| Lengua de catalogación |
spa |
| Centro/agencia transcriptor |
UPN |
| Normas de descripción |
aacr2 |
| 049 ## - COLECCIÓN |
| Colección |
ART |
| 100 1# - ASIENTO PRINCIPAL--NOMBRE PERSONAL |
| Nombre de persona |
Ruiz González Celis, Ana Paola |
| 100 1# - ASIENTO PRINCIPAL--NOMBRE PERSONAL |
| Filiación |
psic.paolaruizgc@gmail.com |
| 100 1# - ASIENTO PRINCIPAL--NOMBRE PERSONAL |
| Nombre de persona |
Turnbull Plaza, Bernardo Emilio |
| 100 1# - ASIENTO PRINCIPAL--NOMBRE PERSONAL |
| Nombre de persona |
Cruz del Castillo, Cinthia |
| 245 10 - MENCIÓN DE TÍTULO |
| Título |
Construcción del concepto de empoderamiento en el hogar en un grupo de mujeres del Estado de México (México) |
| 506 0# - NOTA DE RESTRICCIONES AL ACCESO |
| Limitaciones de acceso |
Acceso abierto |
| 520 3# - NOTA DE RESUMEN, ETC. |
| Sumario, etc. |
Se ha visto que el empoderamiento en las mujeres es una clave importante para lograr el cuidado de su salud y la protección, que representa cosas distintas para diferentes mujeres, y que estas relaciones de poder cambian según su contexto. En la presente investigación se construye el concepto de empoderamiento desde un contexto familiar cerrado a lo íntimo de la pareja, y a partir de aquí se analiza cómo la mujer se desenvuelve en las diversas situaciones que implican una toma de poder. Se entrevistó a cinco mujeres y se utilizó el método fenomenológico para analizar el discurso y construir el concepto. De acuerdo a los resultados, el citado concepto implica varias categorías y subcategorías, como toma de decisiones, movilidad, jerarquías y redes de apoyo. Es, en resumen, una primera aproximación al concepto y servirá para comenzar a detectar y generar estrategias para fortalecer a la mujer. |
| 650 #4 - ASIENTO SECUNDARIO DE MATERIA - TERMINO TEMATICO |
| Término de materia o nombre geográfico como elemento de entrada |
Hogar |
| 9 (RLIN) |
23810 |
| 650 #2 - ASIENTO SECUNDARIO DE MATERIA - TERMINO TEMATICO |
| Término de materia o nombre geográfico como elemento de entrada |
Mujeres |
| 9 (RLIN) |
7160 |
| 650 #4 - ASIENTO SECUNDARIO DE MATERIA - TERMINO TEMATICO |
| Término de materia o nombre geográfico como elemento de entrada |
Fenomenología |
| 9 (RLIN) |
7867 |
| 653 0# - TERMINO DE INDIZACION - NO CONTROLADO |
| Término no controlado |
Empoderamiento |
| 773 ## - ENLACE AL DOCUMENTO FUENTE/ENTRADA DE REGISTRO ANFITRIÓN |
| Parte(s) relacionada(s) |
Vol. 21, no. 2 (2016), p. 153-160 |
| Título |
Enseñanza e investigación en psicología |
| Número Internacional Normalizado para Publicaciones Seriadas |
2683-2046 |
| 856 4# - LOCALIZACIÓN Y ACCESO ELECTRÓNICOS |
| Identificador Uniforme del Recurso |
<a href="https://www.redalyc.org/pdf/292/29248181005.pdf">https://www.redalyc.org/pdf/292/29248181005.pdf</a> |
| 902 ## - ELEMENTOS DE DATOS B LOCAL, LDB (RLIN) |
| Creó |
Gloria Jiménez/250225 |
| 905 ## - TIPO DE MATERIAL |
| Tipo de material |
Articulo |
| 942 ## - ELEMENTOS DE PUNTO DE ACCESO ADICIONAL (KOHA) |
| Tipo de ítem Koha |
Artículo Electrónico |